| 000 | 00708 a2200229 4500 | ||
|---|---|---|---|
| 001 | 200131266 | ||
| 650 | 7 |
_aİstatistiksel haritalar _iİstatistiksel haritalar. _2etuturkob _995560 |
|
| 999 |
_c200131266 _d36292 |
||
| 003 | TR-AnTOB | ||
| 005 | 20201216153146.0 | ||
| 008 | 140121s2014 tu 000 0 | ||
| 040 | _aTR-AnTOB | ||
| 041 | _atur | ||
| 050 |
_aGA109.8 _bD.49 2013 |
||
| 090 | _aGA109.8 D.49 2013 | ||
| 110 |
_aTürkiye. _bDevlet Su İşleri Genel Müdürlüğü _972211 |
||
| 245 | 1 | 0 |
_aHaritalı İstatistik Bülteni 2011 / _c2013. |
| 264 | 1 |
_aAnkara: _bDevlet Su İşleri Genel Müdürlüğü, _c2013 |
|
| 300 |
_a378 s. : _bhrt., şkl. ; _c26 cm |
||
| 650 | 0 |
_aStatistical maps _995561 |
|
| 942 | _cBK | ||